000 00943nam0a22002171i 4500
001 rc\323293
005 20240726094934.0
035 _a(NLR Aleph) 005557429
090 _a5875190
_c5875190
100 _a20030307d1989 u |0rusy50 ca
101 0 _arus
102 _aRU
105 _ay |||||||||
200 1 _aИтальянская немарксистская историография о социально-экономических предпосылках Великой Октябрьской социалистической революции
_e(Критич. анализ)
_eАвтореф. дис. на соиск. учен. степ. канд. ист. наук
_e(07.00.09)
_fИн-т истории АН УССР
210 _aКиев
_d1989
215 _a16 с.
700 1 _aХомчук
_bО.А.
_gОксана Алексеевна
801 0 _aRU
_bNLR
_gpsbo
801 1 _aRU
_bELAR
_2rusmarc
852 _aNLR
_jА89/6642
942 _cBOOK